| 000 | 00894nam a2200193 4500 | ||
|---|---|---|---|
| 001 | 140257 | ||
| 003 | ES-MaACL | ||
| 005 | 20240203062548.0 | ||
| 007 | t| | ||
| 008 | 070214s1913 sp r ||||1| spa d | ||
| 100 | 1 |
_aSegovia y Pérez, José María. _9105161 |
|
| 245 | 1 | 0 |
_aAlgunos datos para el estudio de los equínidos en general y particularmente de los géneros y especies que de los mismos se han recogido y figuran en las colecciones de la Estación de Biología Marítima de Santander _b: memoria presentada para aspirar al grado de Doctor en Ciencias Naturales / _cpor José María de Segovia y Pérez. |
| 260 |
_aMadrid : _b[s. n.], _c1913 ( _fEst. Tip. de los Hijos de Tello) |
||
| 300 |
_a39 p. ; _c24 cm. |
||
| 500 | _aTesis doctoral de la Universidad Central. | ||
| 710 | 2 |
_aUniversidad Central (Madrid) _97084 |
|
| 852 |
_aES-MaACL _jT-1369-F-10 |
||
| 999 |
_c140257 _d140257 |
||